Setting advertising objectives (Record no. 375861)

000 -LEADER
fixed length control field 00382cam a22001337a 4500
008 - FIXED-LENGTH DATA ELEMENTS--GENERAL INFORMATION
fixed length control field 180718b1966 xxu||||| |||| 00| 0 eng d
082 ## - DEWEY DECIMAL CLASSIFICATION NUMBER
Classification number T3471 N213s
100 ## - MAIN ENTRY--PERSONAL NAME
Personal name Sands, Saul S.
245 ## - TITLE STATEMENT
Title Setting advertising objectives
Statement of responsibility, etc. by Saul S. Sands
260 ## - PUBLICATION, DISTRIBUTION, ETC.
Place of publication, distribution, etc. New York
Name of publisher, distributor, etc. National Industrial Conference Board
Date of publication, distribution, etc. 1966
300 ## - PHYSICAL DESCRIPTION
Extent 94p.
650 ## - SUBJECT ADDED ENTRY--TOPICAL TERM
Topical term or geographic name entry element Sands, Saul S.
650 ## - SUBJECT ADDED ENTRY--TOPICAL TERM
Topical term or geographic name entry element Advertising
Holdings
Withdrawn status Lost status Damaged status Not for loan Permanent Location Current Location Date acquired Full call number Barcode Date last seen Price effective from Koha item type
        Indian Institute of Public Administration Indian Institute of Public Administration 1994-08-16 T3471 N213s 39603 2018-07-21 2018-07-21 Book

Powered by Koha